000 00639nam a22001697a 4500
008 160604b xxu||||| |||| 00| 0 eng d
082 _22011
_aUT 0322
_bM26
100 _910038
_aMadrinan, Milded.
245 _aPerception of teachers and parents on the use of mother tongue as a medium for instruction in grade 1-3/
_cMildred Madrinan [and three others].
260 _aDigos City:
_bUMDC
_cNovember 2011.
300 _a25 pages;
_c27.5 cm.
650 0 _910036
_aElementary Education
_xUndergraduate thesis.
700 _910032
_aBulanda, Maricar.
700 _910034
_aMalanji, Hamina.
700 _910035
_aGrajo, Ara Jane.
942 _2ddc
_cUT
999 _c3005
_d3005